Tin học C: Tin tức xã hội và phương tiện truyền thông

Gespeichert in:
Bibliographische Detailangaben
Format: Buch
Tags: Tag hinzufügen
Keine Tags, Fügen Sie den ersten Tag hinzu!
Thư viện lưu trữ: Mạng thư viện Đại học Đà Nẵng
LEADER 00441nam a22001691a 4500
001 000040144
003 16439
005 20160412022848.0
008 160412s0 000
082 |a 4N(TK)1668 
245 |a Tin học C: Tin tức xã hội và phương tiện truyền thông 
OWN |a LNN 
999 |a From the UDN01 
TYP |a Monograph 
980 |a Mạng thư viện Đại học Đà Nẵng